CEP index Vyšehradskej skupiny v štyroch vybraných službách – prípadová štúdia

Porovnanie konkurencieschopnosti krajín V4.

Gespeichert in:
Bibliographische Detailangaben
1. Verfasser: Beňo, Michal
Format: Buchkapitel
Sprache:Slowakisch
Schlagworte:
Tags: Tag hinzufügen
Keine Tags, Fügen Sie das erste Tag hinzu!

MARC

LEADER 00000nla a2200000 4500
001 0228092
005 20240417075112.2
041 0 |a slo 
044 |a SK 
245 1 0 |a CEP index Vyšehradskej skupiny v štyroch vybraných službách – prípadová štúdia  |c Michal Beňo 
520 |a Porovnanie konkurencieschopnosti krajín V4. 
610 2 0 |a Vyšehradská štvorka 
610 2 0 |a konkurencieschopnosť 
610 2 0 |a štúdie prípadové 
100 1 |a Beňo, Michal